Nobody’s Soldier - Hozier - All Lyrics - Statistics

General Stats
  • This quiz has been taken 58 times
  • The average score is 176 of 266
Answer Stats
Answer % Correct
no
100%
Nobody's
100%
(Nobody's
100%
a
97%
I
97%
soldier
97%
Soldier
97%
Soldier)
97%
be
94%
being
88%
Mmh,
88%
between
85%
choose
85%
Choose
85%
choose,
85%
don't
85%
I'm
85%
or
85%
Or
85%
wanna
85%
me
79%
boot
76%
salesman
76%
Gonna
74%
gonna
74%
little
68%
on
68%
the
68%
The
68%
water
68%
you
68%
You
68%
pauper
65%
pauper,
65%
butcher
62%
my
62%
is
59%
it
59%
older
59%
walking
59%
If
56%
to
56%
colder
53%
could
53%
in
53%
look
53%
tell
53%
bolder
50%
step
50%
and
47%
feels
47%
from
47%
let
47%
Let
47%
this
47%
mountain
44%
that
44%
bring
41%
for
41%
Honey,
41%
say
41%
taking
41%
with
41%
like
38%
orders
38%
run
38%
string
38%
drowning
35%
lose
35%
miracles
35%
out
35%
fire
32%
gasoline
32%
Holding
32%
Just
32%
long
32%
one
32%
Running
32%
world
32%
Benzos
29%
blue
29%
dream
29%
Living
29%
Sick
29%
Watching
29%
waterfall
29%
Whatever
29%
Working
29%
again
26%
bulls
26%
light
26%
news
26%
screens
26%
skin
26%
together
26%
walls
26%
was
26%
wrong
26%
Coffee
24%
down
24%
paint
24%
aiming
21%
come
21%
goal
21%
morning
21%
till
21%
No matching quizzes found
Score Distribution
Percent of People with Each Score
Percentile by Number Answered
Your Score History
You have not taken this quiz